Religion Quiz

Random Religion Quiz

1 John 5 - How to know you have eternal life (NIV) Quiz Stats

 Plays Quiz not verified by Sporcle

Challenge
Share
Tweet
Embed
Score 0/46 Timer 01:00
0 Plays Today
Hint Answer % Correct
the
97.1%
the
97.1%
the
97.1%
the
97.1%
1 John 5:13I
91.2%
of
85.3%
in
85.3%
of
85.3%
of
85.3%
to
82.4%
you
82.4%
you
82.4%
you
82.4%
God
82.4%
God
82.4%
1 John 5:12He
76.5%
he
76.5%
have
73.5%
eternal
73.5%
life
73.5%
life
73.5%
not
73.5%
have
73.5%
Hint Answer % Correct
not
73.5%
have
73.5%
life
73.5%
write
70.6%
so
70.6%
that
70.6%
may
70.6%
know
70.6%
that
70.6%
who
70.6%
Son
70.6%
who
70.6%
Son
70.6%
who
70.6%
Son
70.6%
these
67.6%
has
67.6%
has
67.6%
believe
67.6%
name
67.6%
things
64.7%
does
64.7%
does
64.7%

You're not logged in!

Compare scores with friends on all Sporcle quizzes.
Join for Free
OR
Log In

You Might Also Like...

Show Comments

Extras

Created Jan 1, 2015ReportNominate
Tags:eternal, john, life

Top Quizzes Today


Score Distribution

Your Account Isn't Verified!

In order to create a playlist on Sporcle, you need to verify the email address you used during registration. Go to your Sporcle Settings to finish the process.

Report this User

Report this user for behavior that violates our Community Guidelines.

Details: